Las escuelas históricas

Guardat en:
Dades bibliogràfiques
Autor principal: Bourdé, Guy
Altres autors: Martín, Hervé
Format: Llibre
Idioma:espanyol
Publicat: Madrid, España Akal 1992
Col·lecció:Colección Akal Universitaria. Serie Historia. 153
Matèries:
Etiquetes: Afegir etiqueta
Sense etiquetes, Sigues el primer a etiquetar aquest registre!

MARC

LEADER 00000cam a2200000 a 4500
001 UCU4971
003 CL-VaPUC
005 20211210074337.0
008 960531e19920000SP |||||||||||||||||spa|d
999 |c 248495  |d 248493 
020 |a 8476008406 
040 |c Pontificia Universidad Católica de Valparaíso 
082 0 4 |a 907 BOU 1992  |2 21 
100 |a Bourdé, Guy  |9 446968 
245 1 4 |a Las escuelas históricas 
260 0 3 |a Madrid, España  |b Akal  |c 1992 
300 |a 281 páginas 
490 0 |a Colección Akal Universitaria. Serie Historia.  |v 153 
583 |a last modification  |c 20150331 02:47:22  |k Rodrigo Vera 
650 0 |a Historiografía   |9 257871 
650 0 |a Edad media  |9 258041 
650 0 |a Cristianismo  |9 257361 
650 0 |a Historia  |9 255047 
650 0 |a Renacimiento  |9 255107 
650 7 |a GEOGRAFOS  |2 CL-VaPUC  |9 359105 
650 0 |a Historiadores  |9 314498 
650 0 |a Filosofía de la historia  |9 265651 
700 0 |a Martín, Hervé  |9 362800 
942 |c BK  |2 ddc 
945 |d 19960531 00:00:00  |a rleighto 
952 |0 0  |1 0  |2 ddc  |4 0  |6 907_000000000000000_BOU_1992  |7 0  |8 A  |9 265127  |a BIBHIS  |b BIBHIS  |d 2019-11-19  |i 3206092  |l 3  |m 1  |o 907 BOU 1992  |p 3206092  |r 2025-01-20  |s 2023-09-07  |t 1  |w 2019-11-19  |y BK  |k HIS 
952 |0 0  |1 0  |2 ddc  |4 0  |6 907_000000000000000_BOU_1992  |7 0  |8 A  |9 265128  |a BIBHIS  |b BIBHIS  |d 2019-11-19  |i 3224422  |l 1  |o 907 BOU 1992  |p 3224422  |r 2025-01-20  |s 2022-08-31  |t 2  |w 2019-11-19  |y BK  |k HIS 
952 |0 0  |1 0  |2 ddc  |4 0  |6 907_000000000000000_BOU_1992  |7 0  |8 A  |9 265129  |a BIBHIS  |b BIBHIS  |d 2019-11-19  |i 3224430  |l 1  |o 907 BOU 1992  |p 3224430  |r 2025-01-20  |s 2024-08-21  |t 3  |w 2019-11-19  |y BK  |k HIS 
952 |0 0  |1 0  |2 ddc  |4 0  |6 907_000000000000000_BOU_1992  |7 0  |8 A  |9 265130  |a BIBHIS  |b BIBHIS  |d 2019-11-19  |i 3224449  |l 1  |m 1  |o 907 BOU 1992  |p 3224449  |r 2025-01-20  |s 2022-08-23  |t 4  |w 2019-11-19  |y BK  |k HIS 
952 |0 0  |1 0  |2 ddc  |4 0  |6 907_000000000000000_BOU_1992  |7 0  |8 A  |9 265131  |a BIBHIS  |b BIBHIS  |d 2019-11-19  |i 336187K  |l 1  |o 907 BOU 1992  |p 336187K  |r 2025-01-20  |s 2022-09-01  |t 5  |w 2019-11-19  |y BK  |k HIS 
952 |0 0  |1 0  |2 ddc  |4 0  |6 907_000000000000000_BOU_1992  |7 0  |8 A  |9 265132  |a BIBHIS  |b BIBHIS  |d 2019-11-19  |i 347884K  |o 907 BOU 1992  |p 347884K  |r 2025-01-20  |t 6  |w 2019-11-19  |y BK  |k HIS 
952 |0 0  |1 0  |2 ddc  |4 0  |6 907_000000000000000_BOU_1992  |7 0  |8 A  |9 265133  |a BIBHIS  |b BIBHIS  |d 2019-11-19  |i 3478858  |l 1  |o 907 BOU 1992  |p 3478858  |r 2025-01-20  |s 2023-08-21  |t 7  |w 2019-11-19  |y BK  |k HIS 
952 |0 0  |1 0  |2 ddc  |3 erb  |4 0  |6 907_000000000000000_BOU_1992  |7 0  |8 A  |9 265134  |a BIBHIS  |b BIBHIS  |i 514437K  |l 5  |m 2  |o 907 BOU 1992  |p 514437K  |r 2025-01-20  |s 2024-12-10  |t 8  |w 2019-11-19  |y BK  |z Catalogado en:20150402  |k HIS